000 00253nam a2200109Ia 4500
008 200302s9999 xx 000 0 und d
100 _aAuthor
245 _aOntario Regulation 925/75
260 _bGovernment of Ontario
260 _c1978
300 _a2273 P.,
999 _c554
_d554